[Event "47th Sparkassen Open"]
[Site "Dortmund GER"]
[Date "2019.07.13"]
[Round "1.25"]
[White "Steinle, Carsten"]
[Black "Hammerich, Simon"]
[Result "1-0"]
[WhiteElo "2147"]
[BlackElo "1954"]
[WhiteFideId "24676462"]
[BlackFideId "12955868"]
[EventDate "2019.07.13"]

1. Nf3 d5 2. b3 Bg4 3. Bb2 Nd7 4. g3 Ngf6 5. Bg2 e6 6. O-O Be7 7. d3 O-O 8. Nbd2
c5 9. e4 d4 10. a4 Ne8 11. h3 Bh5 12. Qe1 f5 13. exf5 exf5 14. b4 Ndf6 15. Ng5
Nc7 16. Nb3 Nd7 17. Nf3 Re8 18. bxc5 Nxc5 19. Nfxd4 Bf6 20. Qc1 Nxb3 21. Nxb3
Re2 22. Bxf6 Qxf6 23. Re1 Rae8 24. Rxe2 Rxe2 25. Bf1 Re8 26. d4 g5 27. Qd2 f4
28. Re1 fxg3 29. Rxe8+ Bxe8 30. fxg3 Bxa4 31. Bg2 Bxb3 32. cxb3 Nb5 33. Kh2 h6
34. d5 Nd6 35. Qe2 Kg7 36. Bf3 a6 37. Bg4 Nf5 38. Kg2 h5 39. Bxh5 Qd6 40. Qd3
Qxd5+ 41. Qxd5 Ne3+ 42. Kf2 Nxd5 43. Bf3 Nc7 44. Bxb7 Kf6 45. b4 Ke5 46. Kf3 Kd4
47. Kg4 Kc4 48. Kxg5 Kxb4 49. h4 a5 50. h5 Kc5 51. h6 Ne6+ 52. Kf6 Nf8 53. Be4
a4 54. h7 Nxh7+ 55. Bxh7 a3 56. Bg8 1-0

[Event "47th Sparkassen Open"]
[Site "Dortmund GER"]
[Date "2019.07.13"]
[Round "1.26"]
[White "Groneberg, Joerg"]
[Black "Torres-Kuckel, Rafael"]
[Result "0-1"]
[BlackTitle "FM"]
[WhiteElo "1921"]
[BlackElo "2152"]
[WhiteFideId "12941638"]
[BlackFideId "4625072"]
[EventDate "2019.07.13"]

1. c4 e5 2. g3 Nf6 3. Bg2 d5 4. cxd5 Nxd5 5. Nc3 Nb6 6. Nf3 Nc6 7. O-O Be7 8. d3
O-O 9. a3 a5 10. b3 Re8 11. Bb2 Bf8 12. Nb5 Bg4 13. h3 Bh5 14. Nd2 f5 15. Re1
Rc8 16. Rc1 Nd5 17. Qc2 Bf7 18. e3 Ndb4 19. axb4 Nxb4 20. Qb1 Nxd3 21. Bxb7 Rb8
22. Rxc7 Nxe1 23. Qxe1 Bb4 24. Bc3 Bxc3 25. Rxc3 Rxb7 26. Na3 Rd7 27. Nab1 Qb6
28. Qc1 Red8 29. Kh2 f4 30. Ne4 Rd1 31. Qc2 Bg6 32. Rc8 fxg3+ 33. Kxg3 Rxc8 34.
Qxc8+ Rd8 35. Qc4+ Bf7 36. Qc5 Qg6+ 37. Kf3 Qf5+ 38. Kg3 Qxe4 39. Qc7 Rf8 40.
Qxa5 Qxb1 0-1

[Event "47th Sparkassen Open"]
[Site "Dortmund GER"]
[Date "2019.07.13"]
[Round "1.27"]
[White "Gallasch, Jonas"]
[Black "Barskij, Aleksandr"]
[Result "1-0"]
[WhiteElo "1996"]
[BlackElo "1941"]
[WhiteFideId "16222474"]
[BlackFideId "4697251"]
[EventDate "2019.07.13"]

1. d4 Nf6 2. c4 g6 3. Nc3 d5 4. cxd5 Nxd5 5. Bd2 Bg7 6. e4 Nb6 7. Be3 O-O 8. Nf3
Bg4 9. Be2 Nc6 10. d5 Bxf3 11. gxf3 Na5 12. Bd4 Qd6 13. Bxg7 Kxg7 14. Qd2 Qc5
15. Rb1 e5 16. a3 Qe7 17. Nb5 Nac4 18. Qc3 Qc5 19. Bxc4 Nxc4 20. a4 a6 21. Na3
b5 22. Rc1 c6 23. Nxc4 bxc4 24. dxc6 Qxc6 25. Qxc4 Qf6 26. Ke2 Rab8 27. Rc2 a5
28. Ra1 Rfc8 29. Qd3 Rd8 30. Qe3 Rd4 31. Rd1 Qa6+ 32. Ke1 Rdb4 33. Qc3 Qf6 34.
Rd5 Rxa4 35. Rxa5 Rxa5 36. Qxa5 Rb3 37. Qd5 Rxf3 38. b4 Qf4 39. b5 Ra3 40. b6
Ra1+ 41. Ke2 Qg4+ 42. Kd3 Qd1+ 43. Kc3 Qe1+ 44. Kc4 Qf1+ 45. Kc5 Ra5+ 46. Kc6
Rxd5 47. exd5 Qb1 48. Rc5 Kf8 49. b7 Ke7 50. Kc7 Qb4 51. d6+ Ke6 52. Rc6 Qa5+
53. Kc8 Qb5 54. b8=N Kd5 55. d7 1-0

[Event "47th Sparkassen Open"]
[Site "Dortmund GER"]
[Date "2019.07.13"]
[Round "1.28"]
[White "Manthei, Michael"]
[Black "Mueller, Frank3"]
[Result "0-1"]
[WhiteElo "1935"]
[BlackElo "2092"]
[WhiteFideId "24605824"]
[BlackFideId "24681318"]
[EventDate "2019.07.13"]

1. b3 e5 2. Bb2 Nc6 3. g3 Nf6 4. Bg2 Bc5 5. e3 Qe7 6. Ne2 d5 7. d3 O-O 8. h3 a5
9. Nd2 Be6 10. O-O a4 11. d4 exd4 12. exd4 Bd6 13. c4 a3 14. Bc3 Bb4 15. Bxb4
Qxb4 16. Qc2 Rad8 17. Rad1 dxc4 18. Nxc4 Bd5 19. Rd2 Rfe8 20. Rfd1 Qe7 21. Ne3
Bxg2 22. Kxg2 Ne4 23. d5 Nb4 24. Qc4 Nxd2 25. Rxd2 Qe4+ 26. Qxe4 Rxe4 27. Nc3
Re7 28. Rd4 c5 29. Rc4 b6 30. Kf3 g6 31. Re4 Kf8 32. Rh4 Kg7 33. Re4 Rxe4 34.
Kxe4 f5+ 35. Ke5 Kf7 36. Kf4 Kf6 37. g4 g5+ 38. Kf3 f4 39. Ne4+ Kg6 40. Nc4 Rxd5
41. Nxb6 Rd3+ 42. Ke2 f3+ 0-1

[Event "47th Sparkassen Open"]
[Site "Dortmund GER"]
[Date "2019.07.13"]
[Round "1.29"]
[White "Savchenko, Daniel"]
[Black "De Smedt, Mark"]
[Result "1-0"]
[WhiteElo "2168"]
[BlackElo "1920"]
[WhiteFideId "12919195"]
[BlackFideId "244899"]
[EventDate "2019.07.13"]

1. e4 e5 2. Nf3 Nc6 3. Bb5 a6 4. Ba4 Nf6 5. d4 b5 6. Bb3 exd4 7. O-O Be7 8. Re1
d6 9. Bd5 Bb7 10. Nxd4 Qd7 11. a4 b4 12. Nf5 Nxd5 13. Nxg7+ Kf8 14. exd5 Kxg7
15. dxc6 Bxc6 16. Qd4+ Bf6 17. Bh6+ Kg6 18. Qf4 Qf5 19. c3 Rhe8 20. Rf1 Qxf4 21.
Bxf4 Kf5 22. Bd2 Re2 23. cxb4 Bxb2 24. Ra2 Bd4 25. Ra3 Rg8 26. g3 Be4 27. Bc3
Bb6 28. Nd2 Bd5 29. Nb3 Rge8 30. a5 Ba7 31. Bd4 Bxb3 32. Bxa7 Bc4 33. Rc3 d5 34.
Bd4 Ke6 1-0

[Event "47th Sparkassen Open"]
[Site "Dortmund GER"]
[Date "2019.07.13"]
[Round "1.30"]
[White "Dippel, Olaf"]
[Black "Rempel, Patrick"]
[Result "0-1"]
[WhiteElo "1914"]
[BlackElo "2119"]
[WhiteFideId "4693159"]
[BlackFideId "4657632"]
[EventDate "2019.07.13"]

1. d4 Nf6 2. Nf3 g6 3. c4 Bg7 4. Nc3 d6 5. e4 O-O 6. Be2 Nbd7 7. Bg5 e5 8. d5 a5
9. O-O Nc5 10. Qc2 h6 11. Be3 Nh5 12. Qd2 Kh7 13. Ne1 Nf4 14. Nd3 Ncxd3 15. Bxd3
f5 16. exf5 Bxf5 17. Bxf4 Bxd3 18. Qxd3 exf4 19. f3 Rf5 20. Rae1 Be5 21. Re2 Rh5
22. g3 fxg3 23. f4 Rxh2 24. fxe5 Qh4 25. Rf7+ Kh8 26. Ne4 Rh1+ 27. Kg2 Qh3+ 0-1

[Event "47th Sparkassen Open"]
[Site "Dortmund GER"]
[Date "2019.07.13"]
[Round "1.31"]
[White "Guenther, Lars"]
[Black "Kantor, Nikita"]
[Result "1/2-1/2"]
[WhiteElo "2114"]
[BlackElo "1906"]
[WhiteFideId "4625153"]
[BlackFideId "12990922"]
[EventDate "2019.07.13"]

1. e4 c5 2. Nc3 Nc6 3. g3 g6 4. Bg2 Bg7 5. d3 Nf6 6. h3 d5 7. exd5 Nb4 8. Nge2
Nbxd5 9. O-O O-O 10. Bd2 Rb8 11. a4 b6 12. Qc1 Bb7 13. Bh6 Nxc3 14. Nxc3 Bxg2
15. Kxg2 Re8 1/2-1/2

[Event "47th Sparkassen Open"]
[Site "Dortmund GER"]
[Date "2019.07.13"]
[Round "1.32"]
[White "Sondermann, Dirk"]
[Black "Wichtrup, Jan-Louis"]
[Result "0-1"]
[WhiteElo "1865"]
[BlackElo "2125"]
[WhiteFideId "4658116"]
[BlackFideId "16229355"]
[EventDate "2019.07.13"]

1. d4 d5 2. Nf3 Nf6 3. c4 e6 4. Nc3 Be7 5. e3 O-O 6. Qc2 c5 7. cxd5 cxd4 8. Nxd4
Nxd5 9. Bd2 b6 10. Nxd5 Qxd5 11. Be2 Bb7 12. Bf3 Qd7 13. Bxb7 Qxb7 14. O-O Rc8
15. Qd1 Nd7 16. Qf3 Qxf3 17. Nxf3 Bf6 18. Rab1 Rc2 19. Bc1 Rac8 20. Rd1 Kf8 21.
Ne1 R2c7 22. b3 Ke8 23. Bd2 Bc3 24. Bxc3 Rxc3 25. Nd3 Ke7 26. h3 a5 27. Rbc1
Rxd3 0-1

[Event "47th Sparkassen Open"]
[Site "Dortmund GER"]
[Date "2019.07.13"]
[Round "1.33"]
[White "Burchert, Wolfgang"]
[Black "Schoeneshoefer, Adrian"]
[Result "0-1"]
[WhiteElo "2075"]
[BlackElo "1884"]
[WhiteFideId "4654412"]
[BlackFideId "16203771"]
[EventDate "2019.07.13"]

1. e4 c5 2. Nf3 Nc6 3. d4 cxd4 4. Nxd4 Nf6 5. Nc3 e5 6. Ndb5 d6 7. Bg5 a6 8. Na3
b5 9. Nd5 Be7 10. Bxf6 Bxf6 11. c4 b4 12. Nc2 a5 13. Qf3 Bg5 14. h4 Bh6 15. g4
Bf4 16. Nxf4 Qf6 17. g5 Qxf4 18. Qxf4 exf4 19. O-O-O Ke7 20. Nd4 Ne5 21. Nb5 Rd8
22. Nc7 Bg4 23. Re1 Rac8 24. Nd5+ Kf8 25. b3 f3 26. Kd2 Be6 27. Bh3 Rc5 28. Nf4
Ke7 29. Nd3 Rc7 30. Re3 Bxc4 31. bxc4 Nxc4+ 32. Kd1 Nxe3+ 33. fxe3 Rc3 34. Nf4
Kf8 35. Nd5 Ra3 36. Rh2 Re8 37. Bg4 f2 38. Rxf2 Rxe4 39. Bf3 Rc4 40. Rd2 a4 41.
Nb6 Rxh4 42. Rxd6 Rxa2 43. Nd5 f6 44. gxf6 Rhh2 45. Rd8+ Kf7 46. Rd7+ Kg6 47.
Ke1 Ra1+ 48. Bd1 gxf6 49. Nxb4 h5 50. Nd5 a3 51. Nf4+ Kf5 52. Rd5+ Ke4 53. Ra5
Kxe3 0-1

[Event "47th Sparkassen Open"]
[Site "Dortmund GER"]
[Date "2019.07.13"]
[Round "1.34"]
[White "Delere, Adrian"]
[Black "Strathoff, Martin"]
[Result "0-1"]
[WhiteElo "1858"]
[BlackElo "2102"]
[WhiteFideId "12990400"]
[BlackFideId "24609560"]
[EventDate "2019.07.13"]

1. e4 c5 2. Nf3 d6 3. d4 cxd4 4. Nxd4 Nf6 5. Nc3 a6 6. g3 e5 7. Nb3 Be6 8. Bg2
Be7 9. O-O Nbd7 10. h3 b5 11. Be3 Nb6 12. Na5 Rc8 13. f4 Qc7 14. a3 O-O 15. Qf3
Na4 16. Nxa4 bxa4 17. Bd2 Qb6+ 18. Kh2 Rxc2 19. Bc3 Rc8 20. f5 R2xc3 21. bxc3
Bd7 22. c4 Qxa5 23. Rac1 Bc6 24. Qd3 Nd7 25. h4 Nc5 26. Qe3 Rb8 27. Rc3 Rb2 28.
Rfc1 Bxe4 0-1

[Event "47th Sparkassen Open"]
[Site "Dortmund GER"]
[Date "2019.07.13"]
[Round "1.35"]
[White "Sonnenschein, Philipp"]
[Black "Ahlers, Knut"]
[Result "1-0"]
[WhiteElo "2099"]
[BlackElo "1854"]
[WhiteFideId "16250877"]
[BlackFideId "16203534"]
[EventDate "2019.07.13"]

1. e4 e5 2. Nf3 Nc6 3. Bb5 a6 4. Ba4 Nf6 5. O-O Nxe4 6. d4 exd4 7. Re1 d5 8.
Nxd4 Bd6 9. Nxc6 Bxh2+ 10. Kh1 Qh4 11. Rxe4+ dxe4 12. Qd8+ Qxd8 13. Nxd8+ Kxd8
14. Kxh2 Be6 15. Be3 f5 16. Nc3 Ke7 17. Rd1 Rac8 18. Bb3 h6 19. Bc5+ Kf7 20.
Rd7+ 1-0

[Event "47th Sparkassen Open"]
[Site "Dortmund GER"]
[Date "2019.07.13"]
[Round "1.36"]
[White "Homfeldt, Christopher"]
[Black "Chubakov, Sultan"]
[Result "0-1"]
[WhiteElo "1848"]
[BlackElo "2095"]
[WhiteFideId "16220293"]
[BlackFideId "13803468"]
[EventDate "2019.07.13"]

1. e4 c5 2. Nf3 e6 3. d4 cxd4 4. Nxd4 a6 5. Nc3 Qc7 6. Bd3 Nf6 7. O-O Nc6 8.
Nce2 b5 9. h3 Bb7 10. Qe1 d6 11. Nxc6 Bxc6 12. Nd4 Bb7 13. Kh1 Be7 14. f4 O-O
15. e5 Nd7 16. exd6 Qxd6 17. Nf3 Bf6 18. a4 Nc5 19. Ra3 Nxa4 20. c4 Nc5 21. Qb4
Rfd8 22. Bc2 Ne4 23. Qe1 Qc6 24. Re3 Nd6 25. Qf2 Nxc4 26. Ne5 Bxe5 27. fxe5 Nxe3
28. Qxf7+ Kh8 29. Rf3 Qxc2 0-1

[Event "47th Sparkassen Open"]
[Site "Dortmund GER"]
[Date "2019.07.13"]
[Round "1.38"]
[White "Prieb, Robert"]
[Black "Gerlach, Felix Tobias"]
[Result "1/2-1/2"]
[WhiteTitle "CM"]
[WhiteElo "1824"]
[BlackElo "2097"]
[WhiteFideId "16212002"]
[BlackFideId "12957690"]
[EventDate "2019.07.13"]

1. d4 Nf6 2. c4 c5 3. d5 e6 4. Nc3 exd5 5. cxd5 d6 6. e4 g6 7. h3 Bg7 8. Nf3 O-O
9. Bd3 a6 10. a4 Nh5 11. O-O Nd7 12. Qc2 Ne5 13. Be2 Nxf3+ 14. Bxf3 Qh4 15. Be3
Nf4 16. Ne2 Nxe2+ 17. Bxe2 f5 18. f3 fxe4 19. Qxe4 Qf6 20. b3 Bf5 21. Qf4 Rae8
22. Rae1 Qb2 23. Bc1 Qd4+ 24. Kh1 Qxf4 25. Bxf4 Rxe2 26. Rxe2 Bd3 27. Bxd6 Bxe2
28. Re1 Rd8 29. Be7 Rxd5 30. Rxe2 b5 31. axb5 axb5 32. Rc2 Rd3 33. Bxc5 Rxb3 34.
Kg1 Rb1+ 35. Kf2 b4 36. Rc4 b3 37. Ba3 b2 38. Rb4 Be5 39. f4 Rc1 40. fxe5 b1=Q
41. Rxb1 Rxb1 42. e6 Rb3 43. Bc5 Rc3 44. Bb4 Rb3 45. Bc5 Rb5 46. Ba3 Re5 47. e7
Kf7 48. g3 Ke8 49. Bd6 Rd5 50. Bb4 Rb5 51. Bd6 Kd7 52. Ba3 Rb3 53. Bc5 h5 54. h4
Rc3 55. Bb4 Rc4 56. Bd6 Rc6 57. Bb4 Rf6+ 58. Kg2 Rb6 59. Bc5 Rc6 60. Bb4 Rb6 61.
Bc5 Re6 62. Bb4 Kc6 63. Kf3 Kd5 64. Kf4 Kc4 65. Ba3 Kd5 66. Bb4 Kc4 67. Ba3 Kd3
68. Bb4 Kc4 69. Ba3 Kd5 70. Bb4 Kc6 71. Kf3 Rf6+ 72. Kg2 Kd7 73. Bc5 Ke8 74. Bb4
Kf7 75. Bc5 Rc6 76. Bb4 Rc2+ 77. Kf3 Rc4 78. Bd6 Rc3+ 79. Kg2 1/2-1/2

[Event "47th Sparkassen Open"]
[Site "Dortmund GER"]
[Date "2019.07.13"]
[Round "1.39"]
[White "Arold, Gerhard"]
[Black "Leonard, Timo"]
[Result "1-0"]
[WhiteElo "2045"]
[BlackElo "1911"]
[WhiteFideId "24664120"]
[BlackFideId "16208757"]
[EventDate "2019.07.13"]

1. d4 d5 2. Bf4 Nf6 3. e3 c5 4. c3 Nc6 5. Nd2 e6 6. Bd3 Bd6 7. Bg3 e5 8. dxe5
Nxe5 9. Bc2 O-O 10. Ne2 b6 11. Nf4 Ba6 12. Nf3 Nxf3+ 13. Qxf3 Qe7 14. O-O-O Bb7
15. Bh4 Bxf4 16. Qxf4 Qe6 17. Bxf6 Qxf6 18. Qxf6 gxf6 19. Rd2 Rfd8 20. Rhd1 Rd6
21. Be4 Re8 22. Bxd5 Rxd5 23. Rxd5 Bxd5 24. Rxd5 Re7 25. Kd2 Kg7 26. Kd3 Re6 27.
a4 Kg6 28. a5 f5 29. Rd7 a6 30. Rd5 Kf6 31. b3 Rc6 32. axb6 Rxb6 33. Kc4 Ke6 34.
f3 Rxb3 35. Rxc5 Ra3 36. Rc6+ Ke5 37. Rh6 Ra2 38. Rxh7 Rxg2 39. Rxf7 Rxh2 40.
Re7+ Kd6 41. Ra7 Ra2 42. f4 Ra4+ 43. Kd3 Ra3 44. Ra8 Ra1 45. Re8 Ra5 46. c4 Kd7
47. Re5 Rxe5 48. fxe5 Ke6 49. Kd4 a5 50. c5 a4 51. c6 a3 52. Kc3 a2 53. Kb2 1-0

[Event "47th Sparkassen Open"]
[Site "Dortmund GER"]
[Date "2019.07.13"]
[Round "1.40"]
[White "Meier, Silas"]
[Black "Conrad, Joachim"]
[Result "1/2-1/2"]
[WhiteElo "1811"]
[BlackElo "2068"]
[WhiteFideId "16210662"]
[BlackFideId "24623083"]
[EventDate "2019.07.13"]

1. Nf3 d5 2. c4 c6 3. g3 g6 4. Bg2 Bg7 5. d4 Nf6 6. Nc3 O-O 7. O-O Nbd7 8. b3
Re8 9. Bb2 Nb6 10. Ne5 Be6 11. cxd5 Nfxd5 12. e4 Nxc3 13. Bxc3 Bxe5 14. dxe5
Qxd1 15. Rfxd1 Red8 16. Bb4 Kf8 17. f4 Ke8 18. Kf2 Bg4 19. Rxd8+ Rxd8 20. f5 Rd1
21. Rxd1 Bxd1 22. Ke1 Bc2 23. Kd2 Bb1 24. g4 Nd7 25. Bc3 Nc5 26. Bd4 Nd7 27. Kc1
Bd3 28. Kd2 Ba6 29. e6 fxe6 30. fxg6 hxg6 31. e5 c5 32. Bb2 Nb6 33. Ba3 c4 34.
Bc5 Nd7 35. Bd4 Kf7 36. bxc4 1/2-1/2

[Event "47th Sparkassen Open"]
[Site "Dortmund GER"]
[Date "2019.07.13"]
[Round "1.41"]
[White "Toel, Karl-Ludwig"]
[Black "Skabs, Denis"]
[Result "1-0"]
[WhiteElo "2068"]
[BlackElo "1745"]
[WhiteFideId "4685903"]
[BlackFideId "16248449"]
[EventDate "2019.07.13"]

1. d4 d5 2. c4 e6 3. Nc3 c5 4. cxd5 cxd4 5. Qa4+ Bd7 6. Qxd4 exd5 7. Nf3 Nc6 8.
Qxd5 Nf6 9. Qd1 Bc5 10. e3 Qe7 11. Bc4 O-O-O 12. O-O Bg4 13. Qa4 Bxf3 14. gxf3
Nd7 15. Bd5 Nb4 16. e4 Nb6 17. Qb3 N4xd5 18. Nxd5 Nxd5 19. exd5 Qe5 20. Rd1 Kb8
21. Be3 Bxe3 22. fxe3 Rhe8 23. e4 f5 24. Re1 Qd4+ 25. Qe3 Qxe3+ 26. Rxe3 Rxd5
27. Rae1 fxe4 28. fxe4 Rd2 29. R1e2 Rxe2 30. Rxe2 Kc7 31. Kf2 Re5 32. Ke3 Kd6
33. Rg2 g6 34. Rd2+ Ke6 35. Rc2 Kd6 36. a4 Ra5 37. b3 b5 38. Rd2+ Kc5 39. Rd5+
Kb4 40. e5 bxa4 41. Rxa5 Kxa5 42. bxa4 Kb6 43. Kf4 Kc7 44. Kg5 Kd7 45. Kf6 Ke8
46. a5 Kf8 47. a6 h5 48. Kxg6 h4 49. h3 Ke7 50. Kf5 Kf7 51. e6+ Ke7 52. Ke5 Ke8
53. Kf5 Ke7 54. Kg4 Kxe6 55. Kxh4 Kf5 56. Kg3 Kg5 57. Kf3 Kh4 58. Ke4 Kxh3 59.
Kd5 Kg4 60. Kc6 Kf5 61. Kb7 1-0

[Event "47th Sparkassen Open"]
[Site "Dortmund GER"]
[Date "2019.07.13"]
[Round "1.42"]
[White "Gluma, Christian"]
[Black "Eckert, Marius"]
[Result "0-1"]
[WhiteElo "1876"]
[BlackElo "2090"]
[WhiteFideId "16223209"]
[BlackFideId "12922234"]
[EventDate "2019.07.13"]

1. e4 e5 2. Nf3 Nc6 3. Bc4 Nf6 4. Ng5 d5 5. exd5 Na5 6. Bb5+ c6 7. dxc6 bxc6 8.
Bd3 Nd5 9. h4 Nf4 10. Qf3 f5 11. a3 h6 12. b4 hxg5 13. bxa5 e4 14. Bxe4 fxe4 15.
Qxe4+ Qe7 16. Qxe7+ Bxe7 17. g3 Ne6 18. h5 Nd4 19. Ra2 Rb8 20. Rb2 Rxb2 21. Bxb2
c5 22. c3 Bb7 23. cxd4 Bxh1 24. dxc5 Bxc5 25. g4 Kf7 26. d4 Rb8 0-1

[Event "47th Sparkassen Open"]
[Site "Dortmund GER"]
[Date "2019.07.13"]
[Round "1.43"]
[White "Biermann, Lenhard"]
[Black "Atali, Dogukan"]
[Result "1-0"]
[WhiteElo "2056"]
[BlackElo "1734"]
[WhiteFideId "12970077"]
[BlackFideId "16208269"]
[EventDate "2019.07.13"]

1. d4 Nf6 2. Nf3 d5 3. c4 e6 4. g3 Be7 5. Bg2 O-O 6. O-O dxc4 7. Na3 Bxa3 8.
bxa3 c5 9. dxc5 Qa5 10. Qc2 Qxc5 11. Be3 Qa5 12. Nd2 Nd5 13. Nxc4 Nxe3 14. Nxe3
Nc6 15. Rab1 Qxa3 16. Rfc1 Nd4 17. Qc4 e5 18. Nc2 Nxc2 19. Rxc2 Bf5 20. Rc3 Qd6
21. Qb4 Qxb4 22. Rxb4 Rfd8 23. Bxb7 Rab8 24. f3 Rd1+ 25. Kf2 Rb1 26. Rxb1 Bxb1
27. Bd5 h6 28. Rc7 Rb2 29. Bxf7+ Kf8 30. Bd5 Rd2 31. Bb3 Bxa2 32. Rf7+ Ke8 33.
Bxa2 Rxa2 34. Rxg7 Ra6 35. h4 Kf8 36. Rb7 Ra3 37. Rh7 Ra6 38. Ke3 1-0

[Event "47th Sparkassen Open"]
[Site "Dortmund GER"]
[Date "2019.07.13"]
[Round "1.44"]
[White "Yin, Haode"]
[Black "Guenther, Patrick"]
[Result "1/2-1/2"]
[WhiteElo "1652"]
[BlackElo "2055"]
[WhiteFideId "16261348"]
[BlackFideId "24618357"]
[EventDate "2019.07.13"]

1. d4 Nf6 2. Nf3 b6 3. c4 e6 4. Nc3 Bb7 5. g3 Be7 6. Bg2 O-O 7. O-O Na6 8. Re1
c5 9. d5 exd5 10. Nxd5 Nxd5 11. cxd5 d6 12. Nd2 Nc7 13. e4 b5 14. b3 Bf6 15. Rb1
Re8 16. Bb2 Bxb2 17. Rxb2 Qf6 18. Rc2 Re7 19. Re3 a5 20. a4 bxa4 21. bxa4 Na6
22. Nc4 Nb4 23. Rcc3 Ree8 24. Rf3 Qd8 25. Rfe3 Ba6 26. Na3 Rb8 27. Bf1 Bc8 28.
Bb5 Rf8 29. Nc4 f5 30. e5 dxe5 31. Rxe5 f4 32. gxf4 Qh4 33. Qf3 Bb7 34. Rh5 Qd8
35. Ne3 Qd6 36. Rc4 Rbd8 37. Bc6 Nxc6 38. dxc6 Bxc6 39. Qh3 Rfe8 40. Rcxc5 Ba8
41. Rc1 Qxf4 42. Rxa5 Qe4 43. Qg2 Qb4 44. Qg5 Qb7 45. Qg2 Qb2 46. Qf1 Qb7 47.
Qg2 Qb4 48. Qg5 Rd6 49. Qb5 Qe4 50. Qc4+ Qxc4 51. Rxc4 Rd2 52. Rf4 Ra2 53. h3 h6
54. Kh2 Bc6 55. Kg3 Rxe3+ 56. fxe3 Rg2+ 57. Kh4 g5+ 58. Kh5 gxf4 59. exf4 Be8+
60. Kh4 Ra2 61. Ra6 Rxa4 62. Rxh6 Rxf4+ 63. Kg3 Rf8 64. Rb6 Kg7 65. Rb7+ Kh6 66.
Rb6+ Bg6 67. h4 Rf5 68. Rb8 Bh5 69. Rb6+ Kg7 70. Rb7+ Bf7 71. Ra7 Kf6 72. Kg4
Rf1 73. Ra6+ Be6+ 74. Kg3 Ke5 75. Ra5+ Bd5 76. h5 Rg1+ 77. Kf2 Rh1 78. Rb5 Rxh5
79. Rb8 Rh3 80. Re8+ Kd4 81. Rd8 Ke5 82. Re8+ Be6 83. Ke2 Kd5 84. Kd2 Bf5 85.
Rd8+ Ke4 86. Re8+ Kd4 87. Rd8+ 1/2-1/2

[Event "47th Sparkassen Open"]
[Site "Dortmund GER"]
[Date "2019.07.14"]
[Round "2.1"]
[White "Torres-Kuckel, Rafael"]
[Black "Bagrationi, Alexander"]
[Result "0-1"]
[WhiteTitle "FM"]
[BlackTitle "GM"]
[WhiteElo "2152"]
[BlackElo "2505"]
[WhiteFideId "4625072"]
[BlackFideId "14104954"]
[EventDate "2019.07.13"]

1. e4 c5 2. Nf3 d6 3. b3 e5 4. Bb2 Nc6 5. Nc3 g6 6. Bc4 Bg7 7. O-O a6 8. a4 Nh6
9. Re1 O-O 10. Nd5 Rb8 11. Bc3 b5 12. axb5 axb5 13. Bf1 f5 14. d3 f4 15. b4 g5
16. h3 g4 17. hxg4 Nxg4 18. Bd2 Nd4 19. c3 Nxf3+ 20. Qxf3 Qh4 21. Qh3 Qxf2+ 22.
Kh1 Qxd2 23. Ne7+ Kf7 24. Qh5+ Kxe7 25. Re2 Qxc3 26. Ra7+ Rb7 27. Rxb7+ Bxb7 28.
Qxg4 Bf6 29. Ra2 Qe1 30. Kg1 cxb4 31. Ra7 Qe3+ 0-1

[Event "47th Sparkassen Open"]
[Site "Dortmund GER"]
[Date "2019.07.14"]
[Round "2.2"]
[White "Kashlinskaya, Alina"]
[Black "Steinle, Carsten"]
[Result "1-0"]
[WhiteTitle "IM"]
[WhiteElo "2492"]
[BlackElo "2147"]
[WhiteFideId "4198026"]
[BlackFideId "24676462"]
[EventDate "2019.07.13"]

1. e4 d6 2. d4 e5 3. Nf3 Nd7 4. Nc3 c6 5. a4 Be7 6. Bc4 Ngf6 7. a5 O-O 8. O-O
Qc7 9. Qe2 Rb8 10. Be3 b5 11. axb6 axb6 12. Bb3 exd4 13. Bxd4 Ne5 14. h3 Nh5 15.
Be3 Ng6 16. Nd4 Nhf4 17. Qd2 Ne6 18. f4 Nc5 19. Ba2 Bf6 20. b4 Nb7 21. Rad1 b5
22. g4 Bxd4 23. Bxd4 Be6 24. f5 Bxa2 25. fxg6 1-0

[Event "47th Sparkassen Open"]
[Site "Dortmund GER"]
[Date "2019.07.14"]
[Round "2.3"]
[White "Jugelt, Tobias"]
[Black "Gallasch, Jonas"]
[Result "1/2-1/2"]
[WhiteTitle "IM"]
[WhiteElo "2403"]
[BlackElo "1996"]
[WhiteFideId "4626150"]
[BlackFideId "16222474"]
[EventDate "2019.07.13"]

1. d4 Nf6 2. g3 g6 3. Bg2 Bg7 4. e4 d6 5. Nc3 O-O 6. Nge2 Nbd7 7. h3 e5 8. Be3
exd4 9. Bxd4 c6 10. a4 Qe7 11. O-O Nc5 12. Re1 a5 13. Nf4 Nfd7 14. Bxg7 Kxg7 15.
Qd4+ Ne5 16. Rad1 Rd8 17. Nfd5 cxd5 18. Nxd5 Qg5 19. f4 Qxg3 20. Re3 Ne6 21.
Rxg3 Nxd4 22. Rxd4 Nc6 23. Rd2 Be6 24. Rgd3 Rac8 25. c3 Na7 26. Ne3 Bb3 27. e5
Nc6 28. Bxc6 Rxc6 29. Rxd6 Rcxd6 30. exd6 Bxa4 31. Nc4 Bb5 32. Nxa5 b6 33. Nb3
Ba4 34. Nd4 Kf6 35. b3 Be8 36. Nf3 h6 37. c4 Ke6 38. Nd4+ Kf6 39. Nc2 Ke6 40.
Nb4 Rxd6 41. Nd5 Rd8 42. b4 g5 43. fxg5 hxg5 44. Re2+ Kf5 45. Nxb6 Bc6 46. Kf2
Kf4 47. b5 Bf3 48. Nd5+ Bxd5 49. Rd2 Ke4 50. b6 Rb8 51. Rxd5 Rxb6 52. Rxg5 f5
53. Rg3 Rb2+ 54. Kf1 Rc2 55. Ra3 Rxc4 56. Rb3 f4 57. Ra3 1/2-1/2

[Event "47th Sparkassen Open"]
[Site "Dortmund GER"]
[Date "2019.07.14"]
[Round "2.4"]
[White "Schleining, Zoya"]
[Black "Mueller, Frank3"]
[Result "1-0"]
[WhiteTitle "IM"]
[WhiteElo "2339"]
[BlackElo "2092"]
[WhiteFideId "4671660"]
[BlackFideId "24681318"]
[EventDate "2019.07.13"]

1. d4 Nf6 2. Bf4 g6 3. Nc3 d5 4. Qd2 Ne4 5. Nxe4 dxe4 6. e3 Bg7 7. Ne2 O-O 8.
Nc3 c5 9. Nxe4 cxd4 10. exd4 Qxd4 11. Qxd4 Bxd4 12. O-O-O Nc6 13. Bb5 Bg7 14.
Rhe1 Nd4 15. Bf1 Bf5 16. f3 Rac8 17. c3 h6 18. Be3 Nc6 19. Nc5 b6 20. g4 bxc5
21. gxf5 Ne5 22. fxg6 fxg6 23. Bh3 Rc6 24. f4 Nc4 25. Bf2 Rxf4 26. Bg3 Rff6 27.
Rxe7 Bf8 28. Rxa7 Ne3 29. Rd8 g5 30. Be5 Rf7 31. Rxf7 Kxf7 32. Rd3 Nc4 33. Bg3
Bg7 34. Bg2 1-0

[Event "47th Sparkassen Open"]
[Site "Dortmund GER"]
[Date "2019.07.14"]
[Round "2.5"]
[White "Chittka, Julius"]
[Black "Savchenko, Daniel"]
[Result "1-0"]
[WhiteElo "2319"]
[BlackElo "2168"]
[WhiteFideId "12954772"]
[BlackFideId "12919195"]
[EventDate "2019.07.13"]

1. d4 d5 2. c4 e6 3. Nc3 Be7 4. Nf3 Nf6 5. Bf4 c6 6. e3 O-O 7. Qc2 Nbd7 8. a3 b6
9. cxd5 exd5 10. Bd3 Re8 11. Nb5 Ba6 12. Nc7 Bxd3 13. Qxd3 Nh5 14. Nxe8 Nxf4 15.
exf4 Qxe8 16. O-O Nf6 17. Rfe1 Ne4 18. Rac1 Rc8 19. Nd2 Nd6 20. Qh3 Qd8 21. Nf3
Ne4 22. Ne5 c5 23. dxc5 bxc5 24. Rcd1 Nf6 25. g4 d4 26. g5 Nd5 27. Qf5 1-0